000 01495nam a2200253Ia 4500
001 225
005 20251203123020.0
008 251203t2005||||xx |||||||||||||| ||spa||
020 _a9972752712
041 _aESP
082 _aRO 909
_bH59
110 _aSalvat Editores
245 0 _aHistoria universal :
_bTomos 1-20
250 _aPrimera edición
260 _aLima :
_bSalvat Editores,
_c2005
300 _aVarias paginaciones :
_b ilustraciones, fotografías ;
_c 22 cm.
_e
440 _a
_n
_v
500 _a2 ejemplares del T. 1
505 _aContiene: Tomo 1: Los orígenes; Tomo 2: La antigüedad Egipto y Oriente Medio; Tomo 3: La antigüedad, Asia y Africa. Los primeros griegos; Tomo 4: Grecia (I); Tomo 5: Grecia (II); Tomo 6: Roma; Tomo 7: El origen de las grandes religiones; Tomo 8: El auge del cristianismo; Tomo 9: La expansión musulmana; Tomo 10: La edad media; Tomo 11: Baja edad media y renacimiento; Tomo 12: Asia y África negra (siglos V al XV); Tomo 13: La era de los descubrimientos europeos. Las luchas de religión; Tomo 14: Civilizaciones precolombinas y conquista de América; Tomo 15: Los cambios de la edad moderna; Tomo 16: El impacto de la revolución francesa; Tomo 17: El siglo XIX en Europa y Norteamérica; Tomo 18: América Latina, África y Asia en los siglos XIX y XX; Tomo 19: Las guerras mundiales; Tomo 20: Fin del siglo. Las claves del siglo XXI
650 _aGEH
653 _aHistoria universal
654 _aCTP
942 _cLIB
_dJUS
_fTRC
_2ddc
_n
999 _c225
_d225